[Event "Berlin op 11"]
[Site "Berlin"]
[Date "2005.11.05"]
[Round "1"]
[White "Rutz, Maximilian"]
[Black "Richter, Florian"]
[Result "1-0"]
[WhiteElo "1144"]
[BlackElo "791"]
[PlyCount "75"]
[EventDate "2005.11.05"]
[EventType "swiss"]
[EventRounds "7"]
[EventCountry "GER"]
[SourceTitle "EXT 2007"]
[Source "ChessBase"]
[SourceDate "2006.11.23"]
[SourceVersion "1"]
[SourceVersionDate "2006.11.23"]
[SourceQuality "1"]

1. d4 d5 2. Nf3 Bf5 3. e3 Nf6 4. c4 e6 5. Qb3 b6 6. Nc3 c6 7. Bd2 Bd6 8. Be2 0-0 9. 0-0 Bc7 10. Rac1 g6 11. Rfd1 Qd6 12. c5 bxc5 13. dxc5 Qxc5 14. Qb7 Qd6 15. Qxa8 g5 16. g3 Qb4 17. Qxa7 g4 18. Nd4 Qb6 19. Qxb6 Bxb6 20. Nxf5 exf5 21. b4 Rd8 22. a4 d4 23. exd4 Rxd4 24. Be3 Rxd1+ 25. Rxd1 Bxe3 26. fxe3 Ne4 27. Nxe4 fxe4 28. Rd8+ Kg7 29. Rxb8 f5 30. a5 c5 31. bxc5 f4 32. exf4 e3 33. a6 h5 34. a7 h4 35. a8Q hxg3 36. hxg3 Kf6 37. Qc6+ Kf5 38. Bd3# 1-0